قانون المالكين و المستأجرين / (رقم التسجيلة. 35563)

تفاصيل مارك
000 -LEADER
fixed length control field 00565nam a22001937a 4500
005 - DATE AND TIME OF LATEST TRANSACTION
control field 20251108165939.0
008 - FIXED-LENGTH DATA ELEMENTS--GENERAL INFORMATION
fixed length control field 250721s2001 xx 000 0 ara d
082 14 - DEWEY DECIMAL CLASSIFICATION NUMBER
Classification number 346.04565/غيث
100 1# - MAIN ENTRY--PERSONAL NAME
Personal name غيث، عزت
245 10 - TITLE STATEMENT
Title قانون المالكين و المستأجرين /
264 1# - PRODUCTION, PUBLICATION, DISTRIBUTION, MANUFACTURE, AND COPYRIGHT NOTICE
Place of production, publication, distribution, manufacture عمان :
Name of producer, publisher, distributor, manufacturer دار قنديل،
Date of production, publication, distribution, manufacture, or copyright notice 2001.
300 ## - PHYSICAL DESCRIPTION
Extent 86ص.
490 0# - SERIES STATEMENT
Series statement سلسلة التشريعات القضائية ؛6
650 17 - SUBJECT ADDED ENTRY--TOPICAL TERM
Topical term or geographic name as entry element الملكية
650 17 - SUBJECT ADDED ENTRY--TOPICAL TERM
Topical term or geographic name as entry element حقوق المستأجر
650 17 - SUBJECT ADDED ENTRY--TOPICAL TERM
Topical term or geographic name as entry element الأردن
942 ## - ADDED ENTRY ELEMENTS (KOHA)
Source of classification or shelving scheme Dewey Decimal Classification
Koha item type كتب
المقتنيات
حالة السحب حالة الفقدان مصدر التصنيف حالة التلف غير قابل للإعارة المكتبة الرئيسية المكتبة الحالية موقع الرف تاريخ التزويد الرقم المتسلسل Total Checkouts رقم الإستدعاء الباركود تاريخ آخر ظهور تاريخ الفاتورة نوع المادة (كوها)
    Dewey Decimal Classification     المكتبة المركزية المكتبة المركزية الإعارة 06/07/2004 453619   346.04565/غيث 453619 28/07/2025 06/07/2004 كتب
    Dewey Decimal Classification     مكتبة أم قصير والمقابلين العامة مكتبة أم قصير والمقابلين العامة الإعارة 17/08/2014 453639   346.04565/غيث PLD00340690 28/07/2025 17/08/2014 كتب
    Dewey Decimal Classification     مكتبة الأميرة ايمان العامة مكتبة الأميرة ايمان العامة الإعارة 24/09/2013 453631   346.04565/غيث PLD00279591 28/07/2025 24/09/2013 كتب
    Dewey Decimal Classification     مكتبة الأميرة سلمى مكتبة الأميرة سلمى الإعارة 14/06/2015 1465719   346.04565/غيث PLD00330883 28/07/2025 14/06/2015 كتب
    Dewey Decimal Classification     مكتبة الحسن العامة مكتبة الحسن العامة الإعارة 25/09/2018 453636   346.04565/غيث PLD00433765 28/07/2025 25/09/2018 كتب
    Dewey Decimal Classification     مكتبة النصر العامة مكتبة النصر العامة الإعارة 16/11/2014 453642   346.04565/غيث PLD00310681 28/07/2025 16/11/2014 كتب
    Dewey Decimal Classification     مكتبة حمزة العامة مكتبة حمزة العامة الإعارة 18/10/2015 453637   346.04565/غيث PLD00356741 28/07/2025 18/10/2015 كتب
    Dewey Decimal Classification     مكتبة صويلح العامة مكتبة صويلح العامة الإعارة 18/04/2019 453632..   346.04565/غيث PLD00450415 28/07/2025 18/04/2019 كتب
Implemented & Customized by: BBB with SCIT (Smart Chains for Information Technology)

Powered by Koha